|
|
|
|
| LEADER |
00000cam a2200000 7i4500 |
| 001 |
0000110905 |
| 005 |
20101018.0 |
| 022 |
0 |
|
|a 1823433X
|
| 090 |
0 |
0 |
|a 305.4
|b INT
|
| 245 |
1 |
0 |
|a InTrend
|
| 260 |
|
|
|a Kuala Lumpur :
|b Measat Publication ,
|c 2007
|
| 300 |
|
|
|a 168p :
|b ill ;
|c 27.5cm.
|
| 650 |
0 |
0 |
|a Fashion
|x Periodicals
|
| 650 |
0 |
0 |
|a Women
|x Periodicals
|
| 850 |
|
|
|a HQ : BV;September- December 2006.January - December 2006. January-December 2007. January-June 2008, Jan-Apr 2009, Januari-October 2010
|
| 850 |
|
|
|a PKPJ : v2010 no7-12 copy1
|
| 850 |
|
|
|a PKPJ : v2011 no1-4 copy1
|
| 850 |
|
|
|a PKPJ : v2011 no5-8 copy1
|
| 850 |
|
|
|a PKPJ : v2011 no9-12 copy1
|
| 850 |
|
|
|a PKPJ : v2012 no10-12 copy1
|
| 850 |
|
|
|a PKPJ : v2012 no1-4 copy1
|
| 850 |
|
|
|a PKPJ : v2012 no5-8 copy1
|
| 850 |
|
|
|a PKPJ : v2013 no1-6 copy1
|
| 850 |
|
|
|a PKPJ : v2013 no7-8 copy1
|
| 850 |
|
|
|a PKPJ
|b v2010 no1-6 copy1
|
| 850 |
|
|
|a PKPJ
|b v2013 no9-11 copy1
|
| 850 |
|
|
|a PKPJ
|b v2014 no1-4 copy1
|
| 850 |
|
|
|a PKPJ
|b v2014 no5-8 copy1
|
| 850 |
|
|
|a PKPJ
|b v2014 no9-12 copy1
|
| 850 |
|
|
|a PKPJ
|b v2015 no1-4 copy1
|
| 850 |
|
|
|a PKPJ
|b v2015 no5-8 copy1
|
| 850 |
|
|
|a PKPJ
|b v2015 no9-12 copy1
|
| 999 |
|
|
|a 206588/06
|b MAJALAH
|c MAJALAH RUJUKAN
|e PERPUSTAKAAN KOMUNITI PETALING JAYA
|
| 999 |
|
|
|a 212950/07
|b MAJALAH
|c MAJALAH RUJUKAN
|e PERPUSTAKAAN KOMUNITI PETALING JAYA
|
| 999 |
|
|
|a 216937/07
|b MAJALAH
|c MAJALAH RUJUKAN
|e PERPUSTAKAAN KOMUNITI PETALING JAYA
|
| 999 |
|
|
|a 226044/08
|b MAJALAH
|c MAJALAH RUJUKAN
|e PERPUSTAKAAN KOMUNITI PETALING JAYA
|
| 999 |
|
|
|a 233909/09
|b MAJALAH
|c MAJALAH RUJUKAN
|e PERPUSTAKAAN KOMUNITI PETALING JAYA
|
| 999 |
|
|
|a 244319/10
|b MAJALAH
|c MAJALAH RUJUKAN
|e PERPUSTAKAAN KOMUNITI PETALING JAYA
|
| 999 |
|
|
|a 244361/09
|b MAJALAH
|c MAJALAH RUJUKAN
|e PERPUSTAKAAN KOMUNITI PETALING JAYA
|
| 999 |
|
|
|a 244395/09
|b MAJALAH
|c MAJALAH RUJUKAN
|e PERPUSTAKAAN KOMUNITI PETALING JAYA
|
| 999 |
|
|
|a 253729/08
|b MAJALAH
|c MAJALAH RUJUKAN
|e PERPUSTAKAAN KOMUNITI PETALING JAYA
|
| 999 |
|
|
|a 254098/11
|b MAJALAH
|c MAJALAH RUJUKAN
|e PERPUSTAKAAN KOMUNITI PETALING JAYA
|
| 999 |
|
|
|a 254162/10
|b MAJALAH
|c MAJALAH RUJUKAN
|e PERPUSTAKAAN KOMUNITI PETALING JAYA
|
| 999 |
|
|
|a 264204/12
|b MAJALAH
|c MAJALAH RUJUKAN
|e PERPUSTAKAAN KOMUNITI PETALING JAYA
|
| 999 |
|
|
|a 264271/12
|b MAJALAH
|c MAJALAH RUJUKAN
|e PERPUSTAKAAN KOMUNITI PETALING JAYA
|
| 999 |
|
|
|a 282027/15
|b MAJALAH
|c MAJALAH RUJUKAN
|e PERPUSTAKAAN KOMUNITI PETALING JAYA
|
| 999 |
|
|
|a 282315/12
|b MAJALAH
|c MAJALAH RUJUKAN
|e PERPUSTAKAAN KOMUNITI PETALING JAYA
|
| 999 |
|
|
|a 282421/13
|b MAJALAH
|c MAJALAH RUJUKAN
|e PERPUSTAKAAN KOMUNITI PETALING JAYA
|
| 999 |
|
|
|a 282548/13
|b MAJALAH
|c MAJALAH RUJUKAN
|e PERPUSTAKAAN KOMUNITI PETALING JAYA
|
| 999 |
|
|
|a 282562/11
|b MAJALAH
|c MAJALAH RUJUKAN
|e PERPUSTAKAAN KOMUNITI PETALING JAYA
|
| 999 |
|
|
|a 282563/11
|b MAJALAH
|c MAJALAH RUJUKAN
|e PERPUSTAKAAN KOMUNITI PETALING JAYA
|
| 999 |
|
|
|a 282650/14
|b MAJALAH
|c MAJALAH RUJUKAN
|e PERPUSTAKAAN KOMUNITI PETALING JAYA
|
| 999 |
|
|
|a 282683/13
|b MAJALAH
|c MAJALAH RUJUKAN
|e PERPUSTAKAAN KOMUNITI PETALING JAYA
|
| 999 |
|
|
|a 282686/14
|b MAJALAH
|c MAJALAH RUJUKAN
|e PERPUSTAKAAN KOMUNITI PETALING JAYA
|
| 999 |
|
|
|a 282805/15
|b MAJALAH
|c MAJALAH RUJUKAN
|e PERPUSTAKAAN KOMUNITI PETALING JAYA
|
| 999 |
|
|
|a 282880/14
|b MAJALAH
|c MAJALAH RUJUKAN
|e PERPUSTAKAAN KOMUNITI PETALING JAYA
|
| 999 |
|
|
|a 282970/16
|b MAJALAH
|c MAJALAH RUJUKAN
|e PERPUSTAKAAN KOMUNITI PETALING JAYA
|
| 999 |
|
|
|a 334806/15
|b MAJALAH
|c MAJALAH RUJUKAN
|e PERPUSTAKAAN KOMUNITI PETALING JAYA
|
| 999 |
|
|
|a 334940/16
|b MAJALAH
|c MAJALAH RUJUKAN
|e PERPUSTAKAAN KOMUNITI PETALING JAYA
|
| 999 |
|
|
|a 334992/16
|b MAJALAH
|c MAJALAH RUJUKAN
|e PERPUSTAKAAN KOMUNITI PETALING JAYA
|